000 00361pab a2200145 454500
008 180718b1984 xxu||||| |||| 00| 0 eng d
100 _aShah, Gita
245 _aChanging focus of health policy in India
260 _c1984
300 _a97-110
362 _aApr.
650 _aHealth Services - India
773 _aIndian Journal of Social Work
909 _a9679
999 _c9679
_d9679